00863cam a2200241 i 4500001001300000003000600013005001700019008004100036035002100077035002400098040004700122100005200169245007500221246004400296260004900340300003000389336002700419337005400446338002800500504001200528510003200540650004900572zz2007934261NUKAT20260427230015.0071205s1846 pl |001 0 pol c a(OCoLC)750013843 a(NUKAT)zz2007934261 aKR 295/DRcKR 295/DRdKR 295/BWdKAT U/JPs1 aWójcicki, Kazimierz Władysławd(1807-1879).10aHistoryja literatury polskiej w zarysach K. Wł. Wóycickiego.nT. 4.3 aHistoria literatury polskiej w zarysach aWarszawa :bnakł. Gustawa Sennewald,c1846. a[8], 532, VI s. ;c23 cm. aTekstbtxt2rdacontent aBez urządzenia pośredniczącegobn2rdamedia aWoluminbnc2rdacarrier aIndeks.4 aEstr.ccz. I, T. 5, s. 132. 7aLiteratura polskaxhistoria i krytyka.2kaba